Sports Quiz

Random Sports or Auto Racing Quiz
Score 0/15 Timer 01:00
0 Plays Today
% Correct
Michael Phelps
99.1%
Usain Bolt
97.3%
Muhammad Ali
97.3%
Serena Williams
94.7%
Jesse Owens
92.9%
Michael Schumacher
92%
Ronda Rousey
91.2%
John McEnroe
90.3%
% Correct
Jack Nicklaus
84.1%
Danica Patrick
82.3%
Rocky Marciano
81.4%
Jackie Joyner-Kersee
78.8%
Anthony Hawk
57.5%
Chloe Kim
47.8%
Sachin Tendulkar
46%

You're not logged in!

Compare scores with friends on all Sporcle quizzes.
OR
Log In

Sporcle TV

Today on Sporcle TV


Watch our educational content, quiz creation guides, and fun videos on Sporcle TV.

Show Comments

Extras

Top Quizzes Today


Score Distribution

Paid Content

Your Account Isn't Verified!

In order to create a playlist on Sporcle, you need to verify the email address you used during registration. Go to your Sporcle Settings to finish the process.

Report this User

Report this user for behavior that violates our Community Guidelines.

Details: